000 00707nam a2200229 i 4500
001 bg
100 1 _aJERZAK, Mieczysław Władysław.
245 0 0 _aOrganizatoryka inżynierska.
_nCz. 1,
_pMetody i techniki twórczego myślenia /
_cMieczysław W. Jerzaka ; Politechnika Częstochowska.
260 _aCzęstochowa :
_bWydaw. PC,
_c1994.
300 _a183, [1] s. ;
_c24 cm.
504 _aBibliogr. przy rozdz.
650 9 _aZarządzanie
_xmetody
650 9 _aOrganizacja
_xmetody
655 _aPodręczniki akademickie
020 _a8385031367
040 _cBPK
041 0 _apl
080 _a65.012.4(075.8)
920 _a83-85031-36-7
942 _cKS
008 s pl f |000 0 pol
999 _c6728
_d6728
856 _uhttp://koha.tu.koszalin.pl/cgi-bin/koha/opac-detail.pl?biblionumber=6728
_yKatalog online BPK